Rebozos de la coleccion Robert Everts / (Record no. 22386)
[ view plain ]
| 000 -CABECERA | |
|---|---|
| campo de control de longitud fija | 00872nam a22002537a 4500 |
| 003 - IDENTIFICADOR DEL NÚMERO DE CONTROL | |
| campo de control | MX-MxINE |
| 005 - FECHA Y HORA DE LA ÚLTIMA TRANSACCIÓN | |
| campo de control | 20260601193905.0 |
| 008 - DATOS DE LONGITUD FIJA--INFORMACIÓN GENERAL | |
| campo de control de longitud fija | 260518t1994 mx a|||| |||| 00| 0 spa d |
| 040 ## - FUENTE DE LA CATALOGACIÓN | |
| Centro catalogador/agencia de origen | MX-MxINE |
| Lengua de catalogación | spa |
| Centro/agencia transcriptor | MX-MxINE |
| Normas de descripción | rda |
| 041 ## - CÓDIGO DE LENGUA | |
| Código de lengua del texto/banda sonora o título independiente | spa |
| 050 ## - SIGNATURA TOPOGRÁFICA DE LA BIBLIOTECA DEL CONGRESO | |
| Número de clasificación | NK8914.A1 |
| Número de documento/Ítem | R43 |
| 245 ## - MENCIÓN DE TÍTULO | |
| Título | Rebozos de la coleccion Robert Everts / |
| Mención de responsabilidad, etc. | Irene Logan ... [y otros.] |
| 264 ## - PRODUCCIÓN, PUBLICACIÓN, DISTRIBUCIÓN, FABRICACIÓN Y COPYRIGHT | |
| Producción, publicación, distribución, fabricación y copyright | México, D.F. : |
| Nombre del de productor, editor, distribuidor, fabricante | Museo Franz Mayer : |
| -- | Artes de México, |
| Fecha de producción, publicación, distribución, fabricación o copyright | c1994 |
| 300 ## - DESCRIPCIÓN FÍSICA | |
| Extensión | 59 páginas : |
| Otras características físicas | ilustraciones |
| 336 ## - TIPO DE CONTENIDO | |
| Fuente | rdacontent |
| Término de tipo de contenido | texto |
| 337 ## - TIPO DE MEDIO | |
| Fuente | rdamedia |
| Nombre/término del tipo de medio | sin medio |
| 338 ## - TIPO DE SOPORTE | |
| Fuente | rdacarrier |
| Nombre/término del tipo de soporte | volumen |
| 490 ## - MENCIÓN DE SERIE | |
| Mención de serie | Coleccion Uso y estilo |
| 600 #1 - PUNTO DE ACCESO ADICIONAL DE MATERIA--NOMBRE DE PERSONA | |
| Nombre de persona | Everts, Robert, |
| Fechas asociadas al nombre | 1875-1942 |
| Subdivisión general | Museos de arte |
| 9 (RLIN) | 34420 |
| 610 ## - PUNTO DE ACCESO ADICIONAL DE MATERIA--NOMBRE DE ENTIDAD CORPORATIVA | |
| Nombre de entidad corporativa o nombre de jurisdicción como elemento de entrada | Museo Franz Mayer |
| Subdivisión de forma | Catálogos |
| 9 (RLIN) | 34421 |
| 650 ## - PUNTO DE ACCESO ADICIONAL DE MATERIA--TÉRMINO DE MATERIA | |
| Fuente del encabezamiento o término | Chales y mantones |
| Subdivisión de forma | Colecciones privadas |
| Subdivisión geográfica | México |
| 9 (RLIN) | 34422 |
| 700 #1 - PUNTO DE ACCESO ADICIONAL--NOMBRE DE PERSONA | |
| Nombre de persona | Logan, Irene, |
| Término indicativo de función/relación | autor |
| 9 (RLIN) | 2426 |
| 942 ## - ELEMENTOS DE PUNTO DE ACCESO ADICIONAL (KOHA) | |
| Fuente del sistema de clasificación o colocación | Library of Congress Classification |
| Tipo de ítem Koha | Libros |
| Suprimir en OPAC | 1 |
| Estado de retiro | Estado de pérdida | Fuente del sistema de clasificación o colocación | Estado dañado | No para préstamo | Localización permanente | Ubicación/localización actual | Fecha de adquisición | Total de préstamos | Signatura topográfica completa | Código de barras | Fecha visto por última vez | Número de copia | Precio válido a partir de | Tipo de ítem Koha |
|---|---|---|---|---|---|---|---|---|---|---|---|---|---|---|
| El ejemplar forma parte de la colección y puede ser consultado según las políticas vigentes. | Dewey Decimal Classification | Biblioteca de Diseño Museo Franz Mayer | Biblioteca de Diseño Museo Franz Mayer | 18/05/2026 | NK8914.A1 R43 | BDIMFM001174 | 18/05/2026 | Ej.1 | 18/05/2026 | Libros |